000 00597nam a2200229Ia 4500
005 20241216010539.0
008 180423s9999||||xx |||||||||||||| ||und||
020 _a968-7270-99-3
082 _a540
_bH36
100 _aHEIN, MORRIS
245 0 _aQUIMICA
250 _a0
260 _aMEXICO - MEXICO
_bIBEROAMERICA, S.A.
_c1992
300 _a705 pag
_c24 cm
341 _h4.33125
490 _v0
_a0
505 _aMATERIA/COMPUESTOS ORGANICOS/ECUACIONES QUIMICOS/AGUA/SOLICI
541 _aC
_bLIBUN
_d19-Dec-03
_odólar
650 _aCIENCIAS PURAS
856 _zCC. Puras
942 _cLIBRO
999 _c17412
_d17412